000 00843cad a22001935a 4500
001 L155548
008 120328s2012 xxk f 000 0 eng d
035 _a(Sirsi) u155548
041 0 _aeng
110 2 _aTenant Services Authority
_95662
245 0 4 _aThe regulatory framework for social housing in England from April 2012
_bAnnex A rent standard guidance
_h[electronic resource]
260 _aLondon
_bTSA
_c2012
520 _aOutline regulatory framework documentation for social housing in England with effect from 1 April 2012. Main Report (L155547) and Annexe B (L155549)
590 _aKA
651 4 _aEngland
_y886-
690 _aAffordable housing
_96215
856 4 0 _uhttps://www.tenantservicesauthority.org/upload/pdf/annex_a_full_20120326104858.pdf
_zView the item free of charge at www.tenantservicesauthority.org
942 _n0
999 _c113653
_d113653